000 02203nam0a2200313 4500
001 RU\NLR\BIBL_A\012184461
005 20250623222945.0
035 _a(NLR Aleph) 012184461
090 _a12288053
_c12288053
100 _a20080221d1896 |||y0rusy50 ca
101 0 _arus
102 _aRU
105 _ay|||z|||000zy
200 1 _aО строении хромозом при кариокинезе
_f[соч.] О.П. Эйсмонда
210 _aВаршава
_cТипография Варшавского учебное округа
_d1896
215 _a4 с.
_d24
225 1 _aРаботы из Зоотомической лаборатории Варшавского университета
_v15
300 _a"Отд. оттиск из Протокола засед. биологии № 2 за 1895 г."
316 _aЭкз. сплетен с 6-ю др. кн. в общ. переплет с загл.: Сообщения. На тит. л. и обл. общ. переплета также загл. сер. и содерж. 7 данных кн. приплетены к: Дополнения к учению о развитии головы позвоночных животных / [cоч.] П.И. Митрофанова. Варшава, 1895
_5NLR
482 0 _12001#$aДополнения к учению о развитии головы позвоночных животных$f[cоч.] П.И. Митрофанова
_1210##$aВаршава$d1895
_1700#1$aМитрофанов$bП.И.$f1857-1920$gПавел Ильич$cд-р зоологии$3RU\NLR\AUTH\770215072
_tДополнения к учению о развитии головы позвоночных животных
_aМитрофанов, Павел Ильич (д-р зоологии ; 1857-1920)
512 1 _aСообщения
606 1 _aХромосомы животных
_xИсследование при митозе
_92439264
_3RU\NLR\AUTH\6601669188
686 3 _aЕ656.33
700 1 _7ca
_8rus
_aЭйсмонд
_bО. П.
_f1863-
_gОсип Петрович
_9214954
_3RU\NLR\AUTH\770215010
852 _aNLR
_j38.36.5.45(15-3)
942 _cBOOK
980 _aNB